Los medios después de internet.
保存先:
| 第一著者: | |
|---|---|
| フォーマット: | 不明 |
| 言語: | スペイン語 |
| 出版事項: |
Barcelona, España:
UOC,
2015.
|
| 版: | Primera edición en lengua castellana. |
| シリーズ: | Colección Manuales (comunicación).
|
| 主題: | |
| タグ: |
タグ追加
タグなし, このレコードへの初めてのタグを付けませんか!
|
MARC
| LEADER | 00000 a2200000 4500 | ||
|---|---|---|---|
| 003 | CL-VaPUC | ||
| 005 | 20250117102220.0 | ||
| 008 | 250107t2015 ||||| |||| 00| 0 spa d | ||
| 999 | |c 445814 |d 445812 | ||
| 020 | |a 978-84-9064-700-4 | ||
| 040 | |c Pontificia Universidad Católica de Valparaíso | ||
| 082 | |2 22 |a 302.23 ORI 2015 | ||
| 100 | |a Orihuela, José Luis |9 588761 |e autor | ||
| 245 | |a Los medios después de internet. | ||
| 250 | |a Primera edición en lengua castellana. | ||
| 260 | |a Barcelona, España: |b UOC, |c 2015. | ||
| 300 | |a 165 páginas. | ||
| 490 | |a Colección Manuales (comunicación). | ||
| 583 | |k Yessy Díaz Vidal |c 20250107 | ||
| 650 | 0 | |9 257273 |a Medios de comunicación de masas |x Innovaciones tecnológicas | |
| 650 | 0 | |9 254823 |a Internet |x Comunicadores sociales |x Desafíos profesionales | |
| 650 | 0 | |9 327959 |a Redes sociales |x Twitter |v Análisis crítico | |
| 942 | |2 ddc |c BK | ||
| 952 | |0 0 |1 0 |2 ddc |4 0 |6 302_230000000000000_ORI_2015 |7 0 |8 A |9 598831 |a BIBCUR |b BIBCUR |d 2025-01-03 |e 3 |g 26826.00 |i 5663787 |o 302.23 ORI 2015 |p 5663787 |r 2025-04-22 |t 1 |v 26826.00 |w 2025-01-03 |y BK |k PER | ||